000 00750cam a22002411 4500
001 ne 68000266
003 DLC
005 20260227111837.0
008 881221s1967 iq b 000 0 ara
010 _ane 68000266
035 _a(OCoLC)18935302
040 _aDLC
_cCU
_dCU
_dDLC
043 _aa-iq---
050 0 0 _aR644.I7
_bA65
100 1 _aʻAlwachī, ʻAbd al-Ḥamīd.
245 1 0 _aTārīkh al-ṭibb al-ʻIrāqī,
_ctaʼlīf ʻAbd al-Ḥamīd al-ʻAlwachī.
260 _aBaghdād,
_bMaṭbaʻat Asʻad,
_c1967.
300 _a28, 628 p.
_c25 cm.
500 _aAdded t. p.: History of medicine in Iraq, by Abdul Hameed al-Alouchi.
504 _aBibliography: p. 546-556.
650 0 _aMedicine
_zIraq.
740 0 _aṬibb al-ʻIrāqī.
999 _c49982
_d49982